Kompetenčné modely v manažmente ľudských zdrojov dizertačná práca

Guardado en:
Detalles Bibliográficos
Autor principal: Viskupičová, Jana
Autor Corporativo: Fakulta podnikového manažmentu EU. Katedra manažmentu
Otros Autores: Majtán, Miroslav
Formato: Libro
Lenguaje:eslovaco
Publicado: Bratislava 2016
Materias:
Etiquetas: Agregar Etiqueta
Sin Etiquetas, Sea el primero en etiquetar este registro!

MARC

LEADER 00000nbm a2200000 4500
001 0222120
005 20240502073636.0
041 0 |a slo 
044 |a SK 
245 1 0 |a Kompetenčné modely v manažmente ľudských zdrojov  |b dizertačná práca  |c Jana Viskupičová ; školiteľ: Miroslav Majtán 
264 1 |a Bratislava  |c 2016 
300 |a 168 s. 
610 2 0 |a riadenie ľudských zdrojov 
610 2 0 |a modely kompetenčné 
610 2 0 |a kompetencie manažérske 
610 2 0 |a podnikanie zodpovedné 
100 1 |a Viskupičová, Jana 
700 1 |a Majtán, Miroslav 
710 2 |a Fakulta podnikového manažmentu EU. Katedra manažmentu